Central Library OPAC University of Rajshahi

A reconstruction of economics / (Record no. 1845)

MARC details
000 -LEADER
fixed length control field 00643cam a22002291 4500
001 - CONTROL NUMBER
control field 1845
003 - CONTROL NUMBER IDENTIFIER
rucl marc code BD-RjUL
005 - DATE AND TIME OF LATEST TRANSACTION
control field 20211208233427.0
008 - FIXED-LENGTH DATA ELEMENTS--GENERAL INFORMATION
fixed length control field 131209s1950 nyua 000 0 eng
035 ## - SYSTEM CONTROL NUMBER
System control number (BD-RjUL)1872
System control number (OCoLC)273369
040 ## - CATALOGING SOURCE
Original cataloging agency DLC
Transcribing agency OYU
Modifying agency OCoLC
-- Uk
-- DLC
Language of cataloging eng
041 ## - LANGUAGE CODE
Language code of text/sound track or separate title eng
082 ## - DEWEY DECIMAL CLASSIFICATION NUMBER
Classification number 330.1
Edition number 16
Author mark and year BOR
100 1# - MAIN ENTRY--PERSONAL NAME
Personal name Boulding, Kenneth E.
Fuller form of name (Kenneth Ewart),
Dates associated with a name 1910-1993.
9 (RLIN) 6112
245 12 - TITLE STATEMENT
Title A reconstruction of economics /
Statement of responsibility, etc. Kenneth E Boulding
260 ## - PUBLICATION, DISTRIBUTION, ETC. (IMPRINT)
Place of publication, distribution, etc. New York :
Name of publisher, distributor, etc. Wiley,
Date of publication, distribution, etc. c1950
300 ## - PHYSICAL DESCRIPTION
Pagination xiii, 311 p. :
Illustrations ill. ;
Size 24 cm.
650 #0 - SUBJECT ADDED ENTRY--TOPICAL TERM
Topical term or geographic name as entry element Economics.
9 (RLIN) 6113
942 ## - ADDED ENTRY ELEMENTS (KOHA)
Source of classification or shelving scheme Dewey Decimal Classification
Koha item type Books
Holdings
Lost status Source of classification or shelving scheme Damaged status Not for loan Collection code Permanent Location Current Location Shelving location Date acquired Source of acquisition Cost, normal purchase price Total Checkouts Full call number Date last seen Copy number Koha item type
  Dewey Decimal Classification     Non-fiction Central Library, University of Rajshahi Central Library, University of Rajshahi   20/08/1955 Ctc .Litd 40.00   330.1 BOR 1950 09/12/2013 C-2 Books
  Dewey Decimal Classification     Non-fiction Central Library, University of Rajshahi Central Library, University of Rajshahi   20/08/1955 Ctc .Litd 40.00   330.1 BOR 1950 13/06/2016 C-3 Books